[Event "10. Lichtenberger Sommer"]
[Site "Berlin"]
[Date "2011.08.13"]
[Round "1.1"]
[White "Rabiega, Robert"]
[Black "Mueller, Achim"]
[Result "1-0"]
[WhiteElo "2507"]
[BlackElo "2074"]
[PlyCount "61"]
[EventDate "2011.??.??"]
[WhiteTeam "SK König Tegel 1949 e.V."]
[BlackTeam "Verein Rheinbacher Schachfreunde"]

1. e4 c5 2. c3 d5 3. exd5 Nf6 4. c4 e6 5. dxe6 Bxe6 6. Nf3 Nc6 7. Be2 Be7 8. b3
Qd7 9. Bb2 Rd8 10. O-O O-O 11. a3 Bf5 12. b4 Rfe8 13. b5 Nd4 14. Nxd4 cxd4 15.
d3 Bd6 16. Nd2 Ng4 17. Nf3 h5 18. g3 Re6 19. Nh4 Rh6 20. Bc1 Rh7 21. Bf3 Re8
22. Nxf5 Qxf5 23. Be4 Rxe4 24. dxe4 Qf6 25. h4 d3 26. Qxd3 Bc5 27. Be3 Ne5 28.
Qd5 Nf3+ 29. Kg2 Nxh4+ 30. gxh4 Qxh4 31. Qf5 1-0

[Event "10. Lichtenberger Sommer"]
[Site "Berlin"]
[Date "2011.08.13"]
[Round "1.2"]
[White "Schwedek, Tony"]
[Black "Franco Alonso, Alejandro"]
[Result "0-1"]
[WhiteElo "1848"]
[BlackElo "2452"]
[PlyCount "78"]
[EventDate "2011.??.??"]
[WhiteTeam "SC Zitadelle Spandau 1977 e.V."]
[BlackTeam "Gros Xake Taldea"]

1. d4 Nf6 2. c4 e6 3. Nc3 Bb4 4. Qc2 O-O 5. a3 Bxc3+ 6. Qxc3 b6 7. Nf3 Ne4 8.
Qc2 Bb7 9. g3 Nf6 10. Bg5 d6 11. Bxf6 Qxf6 12. Bg2 g6 13. O-O c5 14. Rad1 Rd8
15. dxc5 bxc5 16. Rd2 a5 17. Rfd1 Ra6 18. Qb3 Ba8 19. Qe3 Bxf3 20. Bxf3 a4 21.
h4 Rb6 22. h5 Na6 23. Qh6 Nc7 24. Be4 Ne8 25. hxg6 hxg6 26. Kg2 Qg7 27. Qxg7+
Kxg7 28. Bc2 Ra8 29. Be4 Rab8 30. Bc2 Ra6 31. Rb1 Kf6 32. Rd3 Ke7 33. Kf3 Nf6
34. b3 Nd7 35. bxa4 Rxb1 36. Bxb1 Ne5+ 37. Ke3 Nxd3 38. Bxd3 Rxa4 39. Kf4 d5
0-1

[Event "10. Lichtenberger Sommer"]
[Site "Berlin"]
[Date "2011.08.13"]
[Round "1.4"]
[White "Hahne, Carsten"]
[Black "Von Herman, Ulf"]
[Result "0-1"]
[WhiteElo "1818"]
[BlackElo "2421"]
[PlyCount "84"]
[EventDate "2011.??.??"]
[WhiteTeam "vereinslos"]
[BlackTeam "SK König Tegel 1949 e.V."]

1. d4 Nf6 2. c4 e5 3. d5 Bc5 4. Nc3 O-O 5. e3 Re8 6. a3 a5 7. Bd3 e4 8. Bc2 d6
9. Nge2 Bg4 10. h3 Bh5 11. Qd2 Nbd7 12. Nf4 Bg6 13. Nxg6 hxg6 14. b3 c6 15. Bb2
Nb6 16. O-O-O a4 17. Nxa4 Rxa4 18. bxa4 Nxc4 19. Qc3 Nxb2 20. Qxb2 Nxd5 21.
Rxd5 cxd5 22. Rd1 Qg5 23. Kb1 Qxg2 24. Bb3 b6 25. Bxd5 Qxh3 26. Qc2 Qf3 27. Ka2
g5 28. Rg1 Re5 29. Bc4 g6 30. Rg3 Qf6 31. Rg4 d5 32. Bb3 Kg7 33. a5 Rf5 34. Rg2
d4 35. exd4 Qxd4 36. a6 b5 37. Qb2 Qxb2+ 38. Kxb2 Rxf2+ 39. Rxf2 Bxf2 40. Kc3
g4 41. Kd2 f5 42. Ke2 Bc5 0-1

[Event "10. Lichtenberger Sommer"]
[Site "Berlin"]
[Date "2011.08.13"]
[Round "1.5"]
[White "Kalinitschew, Sergey"]
[Black "Bandlow, Matthias"]
[Result "1-0"]
[WhiteElo "2431"]
[BlackElo "1988"]
[PlyCount "29"]
[EventDate "2011.??.??"]
[WhiteTeam "SC Kreuzberg e.V."]
[BlackTeam "SC Borussia Friedrichsfelde 1920"]

1. d4 d5 2. c4 dxc4 3. e3 Nf6 4. Bxc4 e6 5. Qe2 Be7 6. Nf3 O-O 7. e4 b6 8. e5
Nd5 9. Bd3 Bb7 10. h4 h6 11. Qe4 f5 12. exf6 Rxf6 13. Qh7+ Kf7 14. Ne5+ Ke8 15.
Bg6+ 1-0

[Event "10. Lichtenberger Sommer"]
[Site "Berlin"]
[Date "2011.08.13"]
[Round "1.8"]
[White "Scholz, Ralf-Dieter"]
[Black "Muse, Drazen"]
[Result "0-1"]
[WhiteElo "1896"]
[BlackElo "2381"]
[PlyCount "68"]
[EventDate "2011.??.??"]
[WhiteTeam "USV Potsdam e.V., Abt. Schach"]
[BlackTeam "SK König Tegel 1949 e.V."]

1. Nf3 d6 2. g3 g6 3. Bg2 Bg7 4. O-O e5 5. d3 f5 6. c4 Nf6 7. Nc3 O-O 8. Qb3
Nc6 9. c5+ Kh8 10. cxd6 cxd6 11. Ng5 Qd7 12. Nd5 Nd4 13. Qd1 Nxd5 14. Bxd5 h6
15. Nf3 Nc6 16. Qa4 Ne7 17. Qxd7 Bxd7 18. Bxb7 Rab8 19. Ba6 e4 20. dxe4 fxe4
21. Nd2 d5 22. e3 Bh3 23. Rd1 Bg4 24. Re1 Bxb2 25. Rb1 Bc3 26. Rxb8 Rxb8 27.
Be2 Bd7 28. Bd1 Nf5 29. Bb3 d4 30. Bd5 dxe3 31. fxe3 Bb5 32. Kf2 Rd8 33. g4
Rxd5 34. gxf5 Bxd2 0-1

[Event "10. Lichtenberger Sommer"]
[Site "Berlin"]
[Date "2011.08.13"]
[Round "1.9"]
[White "Rietze, Clemens"]
[Black "Kapp, Frank"]
[Result "1-0"]
[WhiteElo "2310"]
[BlackElo "1894"]
[PlyCount "75"]
[EventDate "2011.??.??"]
[WhiteTeam "USV Potsdam e.V., Abt. Schach"]
[BlackTeam "TSV IFA Chemnitz"]

1. e4 e6 2. d4 d5 3. Nc3 Nf6 4. Bg5 Bb4 5. e5 h6 6. Bc1 Ne4 7. Qg4 Kf8 8. Nge2
c5 9. f3 cxd4 10. fxe4 dxc3 11. exd5 Ba5 12. bxc3 exd5 13. Qf4 Nc6 14. Ba3+ Kg8
15. g3 Qg5 16. Bd6 d4 17. O-O-O Bxc3 18. Nxc3 dxc3 19. Rd3 Bf5 20. Rxc3 Nd4 21.
Rc4 Ne6 22. Qxg5 Nxg5 23. Bg2 Rc8 24. Rxc8+ Bxc8 25. h4 Ne6 26. Rf1 h5 27. Bd5
Rh6 28. Rf3 b6 29. Ra3 a6 30. Rb3 b5 31. c4 Nd4 32. Rd3 Nf5 33. c5 Nxd6 34.
exd6 Kf8 35. Bb7 Bd7 36. c6 Ke8 37. c7 Re6 38. Bc6 1-0

[Event "10. Lichtenberger Sommer"]
[Site "Berlin"]
[Date "2011.08.13"]
[Round "1.10"]
[White "Arnold, Rouven"]
[Black "Bruedigam, Martin"]
[Result "0-1"]
[WhiteElo "1799"]
[BlackElo "2322"]
[PlyCount "60"]
[EventDate "2011.??.??"]
[WhiteTeam "Schachverein Grünfeld e.V."]
[BlackTeam "USV Potsdam e.V., Abt. Schach"]

1. e4 c5 2. Nf3 d6 3. d4 cxd4 4. Nxd4 Nf6 5. Nc3 a6 6. Be3 e5 7. Nb3 Be6 8. f3
Nbd7 9. Qd2 b5 10. O-O-O Nb6 11. Qf2 Nc4 12. Bxc4 bxc4 13. Bb6 Qc8 14. Na5 Be7
15. Nd5 Nxd5 16. exd5 Bd7 17. Rhe1 O-O 18. Re4 Bb5 19. a4 f5 20. Rxe5 dxe5 21.
axb5 Bd6 22. bxa6 Qxa6 23. Nc6 e4 24. Kd2 exf3 25. gxf3 Qb5 26. Qd4 Ra6 27. Rg1
Rf7 28. Bd8 Bf4+ 29. Kc3 Rxc6 30. Qxf4 Qxd5 0-1

[Event "10. Lichtenberger Sommer"]
[Site "Berlin"]
[Date "2011.08.13"]
[Round "1.11"]
[White "Bruchmann, Stephan"]
[Black "Schlüter, Bernd"]
[Result "1-0"]
[WhiteElo "2304"]
[BlackElo "1987"]
[PlyCount "43"]
[EventDate "2011.??.??"]
[WhiteTeam "SC Rotation Pankow e.V."]
[BlackTeam "SV Rochade Potsdam-West e.V."]

1. e4 d6 2. d4 Nf6 3. Nc3 g6 4. Be3 c6 5. Qd2 Nbd7 6. Nf3 b5 7. e5 b4 8. exf6
bxc3 9. Qxc3 Nxf6 10. Qxc6+ Bd7 11. Qa6 Bg7 12. Bb5 O-O 13. Bxd7 Qxd7 14. O-O
Rab8 15. b3 Ng4 16. c4 Nxe3 17. fxe3 e5 18. Qa5 e4 19. Nd2 f5 20. Rae1 Rbe8 21.
Qd5+ Kh8 22. c5 1-0

[Event "10. Lichtenberger Sommer"]
[Site "Berlin"]
[Date "2011.08.13"]
[Round "1.12"]
[White "Pichler, Gerhard"]
[Black "Oberhofer, Andre"]
[Result "0-1"]
[WhiteElo "1818"]
[BlackElo "2308"]
[PlyCount "92"]
[EventDate "2011.??.??"]
[WhiteTeam "Polizeisportverein Tirol"]
[BlackTeam "Saarbrücker Gambit 89 e.V."]

1. c4 e6 2. d4 Nf6 3. g3 d5 4. Bg2 Bb4+ 5. Bd2 Be7 6. cxd5 exd5 7. Nc3 O-O 8.
e3 Nc6 9. a3 Bf5 10. Nge2 Re8 11. O-O Bf8 12. Rc1 Ne4 13. Nxe4 Bxe4 14. Nc3
Bxg2 15. Kxg2 Ne7 16. Ne2 a5 17. Nf4 Nc8 18. h4 Nb6 19. Qc2 Bd6 20. Nh3 Qd7 21.
Ng5 f5 22. Rce1 h6 23. Nh3 c6 24. Nf4 Bxf4 25. exf4 Re4 26. Rxe4 dxe4 27. Qc5
Nd5 28. Rc1 a4 29. Rc4 Qf7 30. Rc1 Qh5 31. Qc4 Kh7 32. Re1 Ra6 33. Qe2 Qxe2 34.
Rxe2 Rb6 35. Bc1 Rb3 36. Be3 Kg6 37. Bc1 Rd3 38. Rd2 Rxd2 39. Bxd2 Kf7 40. Kf1
Ke6 41. Ke2 h5 42. Kd1 Nc7 43. Ke2 Kd5 44. Bb4 g6 45. Ke3 Kc4 46. Bc3 Nd5+ 0-1

[Event "10. Lichtenberger Sommer"]
[Site "Berlin"]
[Date "2011.08.13"]
[Round "1.13"]
[White "Meissner, Felix"]
[Black "Bergmann, Jens"]
[Result "1-0"]
[WhiteElo "2268"]
[BlackElo "1952"]
[PlyCount "41"]
[EventDate "2011.??.??"]
[WhiteTeam "Hamburger SK von 1830 eV"]
[BlackTeam "SK Tempelhof 1931 e.V."]

1. e4 e5 2. Nf3 Nf6 3. Nxe5 d6 4. Nf3 Nxe4 5. Nc3 Nxc3 6. dxc3 Be7 7. Bf4 O-O
8. Qd2 Nc6 9. O-O-O Be6 10. Kb1 Bf6 11. Bd3 Na5 12. Nd4 Bd7 13. Qe2 Re8 14. Qh5
g6 15. Qxa5 b6 16. Qd5 c5 17. Nb5 Be5 18. Bxe5 dxe5 19. Bxg6 Be6 20. Qxd8 Rexd8
21. Be4 1-0

[Event "10. Lichtenberger Sommer"]
[Site "Berlin"]
[Date "2011.08.13"]
[Round "1.14"]
[White "Pouydesseau, Mathieu"]
[Black "Reichenbach, Werner"]
[Result "0-1"]
[WhiteElo "1774"]
[BlackElo "2313"]
[PlyCount "108"]
[EventDate "2011.??.??"]
[WhiteTeam "SV Berlin-Friedrichstadt"]
[BlackTeam "Schachclub Oberkrämer"]

1. c4 e5 2. Nc3 Nf6 3. e3 d6 4. Qc2 g6 5. Nf3 Bg7 6. Be2 O-O 7. d3 Nc6 8. a3 a5
9. Bd2 h6 10. e4 Nd7 11. Qc1 Nc5 12. Qd1 a4 13. Be3 Nd4 14. Nd2 c6 15. Rb1 f5
16. f3 Kh7 17. O-O Be6 18. f4 exf4 19. Bxf4 Be5 20. Kh1 Bxf4 21. Rxf4 g5 22.
Rf1 f4 23. Nf3 Qf6 24. Ne1 Qe5 25. Bg4 Bf7 26. Nf3 Qg7 27. Re1 Rfe8 28. Ne2
Nxf3 29. gxf3 Bg6 30. d4 h5 31. Bf5 Bxf5 32. exf5 Nb3 33. Rg1 Qf6 34. Qc2 Rf8
35. d5 Qxf5 36. Qxf5+ Rxf5 37. dxc6 bxc6 38. Rbd1 d5 39. Nd4 Nxd4 40. Rxd4 Rb8
41. cxd5 cxd5 42. Rb1 Rb3 43. Kg2 Re5 44. Kf2 Kg6 45. h4 Ree3 46. hxg5 Rxf3+
47. Kg2 Rg3+ 48. Kf2 Kxg5 49. Rxd5+ Kg4 50. Rdd1 Rbf3+ 51. Ke1 Rg2 52. Rd8 Rg1+
53. Ke2 Re3+ 54. Kf2 Rxb1 0-1

[Event "10. Lichtenberger Sommer"]
[Site "Berlin"]
[Date "2011.08.13"]
[Round "1.15"]
[White "Sevian, Armen"]
[Black "Fartmann, Oliver"]
[Result "1-0"]
[WhiteElo "2208"]
[BlackElo "1845"]
[PlyCount "41"]
[EventDate "2011.??.??"]
[WhiteTeam "vereinslos"]
[BlackTeam "SG Grün-Weiß Baumschulenweg e.V."]

1. d4 Nf6 2. c4 g6 3. Nc3 Bg7 4. e4 d6 5. f4 O-O 6. Nf3 c5 7. d5 e6 8. Be2 exd5
9. cxd5 Bg4 10. O-O Re8 11. e5 dxe5 12. fxe5 Nfd7 13. e6 fxe6 14. dxe6 Bxe6 15.
Ng5 Qb6 16. Nxe6 Qxe6 17. Bf3 Qb6 18. Qd5+ Kh8 19. Qxb7 Bd4+ 20. Kh1 Rf8 21.
Bh6 1-0

[Event "10. Lichtenberger Sommer"]
[Site "Berlin"]
[Date "2011.08.13"]
[Round "1.16"]
[White "Herrmann, Eberhard"]
[Black "Baumbach, Friedrich"]
[Result "0-1"]
[WhiteElo "1876"]
[BlackElo "2275"]
[PlyCount "112"]
[EventDate "2011.??.??"]
[WhiteTeam "SC Friesen Lichtenberg e.V."]
[BlackTeam "SC Friesen Lichtenberg e.V."]

1. e4 c5 2. Nf3 Nc6 3. Bc4 g6 4. Nc3 Bg7 5. Ne2 Nf6 6. d3 O-O 7. c3 d6 8. h3
Na5 9. Bb5 a6 10. Ba4 c4 11. Bc2 cxd3 12. Bxd3 b5 13. O-O Bb7 14. Ng3 Qc7 15.
Qe2 Rfc8 16. Re1 Nd7 17. h4 Nc4 18. h5 Nce5 19. hxg6 hxg6 20. Bb1 Qc4 21. Qe3
Nxf3+ 22. Qxf3 b4 23. Bd3 Ne5 24. Bxc4 Nxf3+ 25. gxf3 Rxc4 26. cxb4 Rxb4 27.
Rb1 Rc8 28. a3 Rb3 29. Re3 Rb5 30. b4 a5 31. Reb3 a4 32. Rd3 Ba6 33. Rd1 Rb7
34. Nf1 Be2 35. Rd5 Bxf3 36. Ng3 Be5 37. Rd3 Bg4 38. Kg2 Be6 39. Bb2 Bc4 40.
Rf3 Ba2 41. Ra1 Bxb2 42. Rxa2 Be5 43. Rd3 Rc4 44. Rd5 Ra7 45. f3 e6 46. Rb5
Rac7 47. Ra5 Rc2+ 48. Rxc2 Rxc2+ 49. Kh3 Rf2 50. Kg4 f5+ 51. exf5 gxf5+ 52.
Nxf5 exf5+ 53. Kg5 Rxf3 54. Rxa4 Kf7 55. b5 Ke6 56. Ra5 Rg3+ 0-1

[Event "10. Lichtenberger Sommer"]
[Site "Berlin"]
[Date "2011.08.13"]
[Round "1.18"]
[White "Rehder, Frank"]
[Black "Kapp, Martin"]
[Result "0-1"]
[WhiteElo "1947"]
[BlackElo "2209"]
[PlyCount "80"]
[EventDate "2011.??.??"]
[WhiteTeam "SC Zugzwang 95 e.V."]
[BlackTeam "TSV IFA Chemnitz"]

1. d4 Nf6 2. Nf3 e6 3. b3 b6 4. Bb2 Bb7 5. e3 Be7 6. Bd3 O-O 7. O-O Ne4 8. c4
f5 9. Qc2 d5 10. Ne5 Nd7 11. Nxd7 Qxd7 12. f3 Nd6 13. Nd2 Bg5 14. Rfe1 Rac8 15.
b4 c6 16. Qa4 dxc4 17. Nxc4 Nxc4 18. Bxc4 b5 19. Bxe6+ Qxe6 20. Qxa7 Rf7 21. e4
Ra8 22. Qb6 fxe4 23. Rxe4 Qd6 24. Rae1 h6 25. d5 Qxd5 26. h4 Bd8 27. Re8+ Kh7
28. Qf2 Rxa2 29. Qc2+ Qf5 30. Qb3 Bb6+ 31. Kh1 Ra8 32. R1e5 Qb1+ 33. Re1 Qg6
34. R1e6 Rf6 35. Rxf6 Qb1+ 36. Kh2 Qg1+ 37. Kg3 Bf2+ 38. Kf4 Qh2+ 39. Kf5 Rxe8
40. Rf7 Bc8+ 0-1

[Event "10. Lichtenberger Sommer"]
[Site "Berlin"]
[Date "2011.08.13"]
[Round "1.19"]
[White "Kohler, Thomas"]
[Black "Kuebart, Thore"]
[Result "1-0"]
[WhiteElo "2255"]
[BlackElo "1868"]
[PlyCount "57"]
[EventDate "2011.??.??"]
[WhiteTeam "SC Zitadelle Spandau 1977 e.V."]
[BlackTeam "SV Königsjäger Süd-West e.V."]

1. c4 e5 2. g3 Nc6 3. Nc3 Nf6 4. Bg2 Bc5 5. e3 O-O 6. Nge2 d6 7. O-O Bg4 8. h3
Bh5 9. g4 Bg6 10. d4 Bb6 11. f4 h6 12. f5 Bh7 13. d5 Nb8 14. Ng3 c6 15. Nge4 c5
16. Nxf6+ Qxf6 17. Ne4 Qd8 18. f6 Bxe4 19. fxg7 Kxg7 20. Bxe4 Nd7 21. Bf5 Qh4
22. Kg2 Nf6 23. Bd2 Nh7 24. Bxh7 Kxh7 25. Rf5 e4 26. Bc3 Qe7 27. Qf1 Rae8 28.
Qf4 Bd8 29. Rf6 1-0

[Event "10. Lichtenberger Sommer"]
[Site "Berlin"]
[Date "2011.08.13"]
[Round "1.20"]
[White "Koerner, Helmut"]
[Black "Weber, Dirk"]
[Result "0-1"]
[WhiteElo "1933"]
[BlackElo "2271"]
[PlyCount "88"]
[EventDate "2011.??.??"]
[WhiteTeam "Sfr.Nord-Ost Berlin"]
[BlackTeam "SV Königsspringer Braunschweig"]

1. b4 c6 2. e3 d5 3. Bb2 Bf5 4. Nf3 Nf6 5. c4 dxc4 6. Bxc4 e6 7. Qb3 b5 8. Be2
a5 9. bxa5 Qxa5 10. O-O Be7 11. d4 O-O 12. Rc1 Bxb1 13. Raxb1 Qxa2 14. Qxa2
Rxa2 15. Kf1 Nd5 16. Ne5 Rxb2 17. Rxb2 Ba3 18. Rbc2 Bxc1 19. Rxc1 Ne7 20. Ra1
f6 21. Nd3 Nd7 22. Ra7 Rd8 23. Bf3 Kf8 24. Nb4 Nb8 25. Rc7 e5 26. dxe5 fxe5 27.
Ke2 Rd6 28. Nd3 Rd7 29. Rxd7 Nxd7 30. Bg4 Ke8 31. Bxd7+ Kxd7 32. Nxe5+ Kd6 33.
f4 c5 34. Kd3 g6 35. g4 Ke6 36. Ke4 b4 37. Nd3 Kd6 38. f5 Nd5 39. fxg6 hxg6 40.
Nb2 Nf6+ 41. Kf4 Kd5 42. h4 c4 43. h5 c3 44. Nd3 b3 0-1

[Event "10. Lichtenberger Sommer"]
[Site "Berlin"]
[Date "2011.08.13"]
[Round "1.21"]
[White "Jahnz, Fabian"]
[Black "Ruether, Marc"]
[Result "1-0"]
[WhiteElo "2211"]
[BlackElo "1808"]
[PlyCount "71"]
[EventDate "2011.??.??"]
[WhiteTeam "SK König Tegel 1949 e.V."]
[BlackTeam "Queer-Springer SSV Berlin"]

1. e4 c5 2. c3 d5 3. exd5 Qxd5 4. d4 Nf6 5. Nf3 Bg4 6. dxc5 Qxd1+ 7. Kxd1 Nbd7
8. b4 Rd8 9. Nbd2 g6 10. Kc2 Bf5+ 11. Kb3 Ng4 12. Bc4 Nxf2 13. Rf1 Nd3 14. Nd4
N7e5 15. Ba3 Bd7 16. Rad1 Bh6 17. N2f3 Nxc4 18. Kxc4 Nf4 19. Bc1 g5 20. g3 Ne6
21. Ne5 Ba4 22. Rde1 Nxd4 23. cxd4 O-O 24. h4 f6 25. Ng4 Bg7 26. Rxe7 f5 27.
Ne5 b5+ 28. Kc3 gxh4 29. gxh4 Bf6 30. Rg1+ Kh8 31. Bg5 Bxe7 32. Bxe7 Rde8 33.
Bxf8 Rxf8 34. d5 f4 35. d6 f3 36. d7 1-0

[Event "10. Lichtenberger Sommer"]
[Site "Berlin"]
[Date "2011.08.13"]
[Round "1.22"]
[White "Weissen, Georg"]
[Black "Skibbe, Willi"]
[Result "0-1"]
[WhiteElo "1750"]
[BlackElo "2213"]
[PlyCount "60"]
[EventDate "2011.??.??"]
[WhiteTeam "Basel"]
[BlackTeam "SSC Rostock 07"]

1. e4 e5 2. Nf3 d6 3. d4 exd4 4. Qxd4 Nf6 5. Nc3 Be7 6. h3 O-O 7. Bc4 a6 8. a3
b5 9. Ba2 Bb7 10. Bg5 h6 11. Bh4 Nxe4 12. Nxe4 Bxh4 13. O-O-O Bf6 14. Nxf6+
Qxf6 15. Qxf6 gxf6 16. Nd4 Nd7 17. Nf5 Kh7 18. Rd4 Rae8 19. c4 Be4 20. Bb1 Bxb1
21. Kxb1 Re2 22. Rh4 Kg6 23. g4 Rh8 24. cxb5 axb5 25. Rc1 Nc5 26. b4 Nd3 27.
Rxc7 Rb2+ 28. Ka1 Rxf2 29. Nxd6 Ra8 30. Nxb5 Re8 0-1

[Event "10. Lichtenberger Sommer"]
[Site "Berlin"]
[Date "2011.08.13"]
[Round "1.23"]
[White "Schulz, Michael"]
[Black "Ziems, Michael"]
[Result "1-0"]
[WhiteElo "2233"]
[BlackElo "1795"]
[PlyCount "65"]
[EventDate "2011.??.??"]
[WhiteTeam "SC Empor Potsdam 1952 e.V."]
[BlackTeam "SV Empor Berlin e.V."]

1. d4 e6 2. e4 d5 3. Nc3 Nf6 4. Bg5 Be7 5. e5 Nfd7 6. h4 h6 7. Bxe7 Qxe7 8. Qg4
f5 9. Qg6+ Qf7 10. Qxf7+ Kxf7 11. f4 a6 12. Nf3 c5 13. O-O-O c4 14. h5 b5 15.
Nh4 Nc6 16. g4 fxg4 17. Rg1 Ne7 18. Rxg4 Nb6 19. Bh3 b4 20. Ne2 Bd7 21. Ng6
Rhg8 22. Nxe7 Kxe7 23. Rdg1 Kf7 24. Rg6 Nc8 25. f5 exf5 26. Nf4 Ne7 27. e6+ Kf8
28. exd7 Nxg6 29. Rxg6 Ke7 30. Bxf5 Raf8 31. Nxd5+ Kd8 32. Bg4 Rf1+ 33. Kd2 1-0

[Event "10. Lichtenberger Sommer"]
[Site "Berlin"]
[Date "2011.08.13"]
[Round "1.24"]
[White "Koischwitz, Wanja"]
[Black "Niehaus, Frank"]
[Result "1/2-1/2"]
[WhiteElo "1813"]
[BlackElo "2190"]
[PlyCount "60"]
[EventDate "2011.??.??"]
[WhiteTeam "Queer-Springer SSV Berlin"]
[BlackTeam "SK König Tegel 1949 e.V."]

1. d4 Nf6 2. Nf3 g6 3. Bf4 Bg7 4. e3 d6 5. Bd3 Nh5 6. Bg3 c5 7. c3 cxd4 8. Nxd4
O-O 9. Nd2 Nc6 10. N4f3 a6 11. Qe2 Bg4 12. Bh4 Ne5 13. Bc2 Qc7 14. O-O Nxf3+
15. Nxf3 Rfe8 16. Bb3 Nf6 17. h3 Bd7 18. Ng5 Rf8 19. Bg3 Qc5 20. Bh4 Rac8 21.
Rfd1 Bb5 22. Qc2 Bc6 23. Rd4 e5 24. Rc4 Qa7 25. Bg3 b5 26. Rh4 e4 27. Bxd6 h6
28. Bxf8 hxg5 29. Bxg7 Kxg7 30. Rg4 Nxg4 1/2-1/2

[Event "10. Lichtenberger Sommer"]
[Site "Berlin"]
[Date "2011.08.13"]
[Round "1.25"]
[White "Groß, Thorsten"]
[Black "Gretzer, Marcus"]
[Result "0-1"]
[WhiteElo "2150"]
[BlackElo "1748"]
[PlyCount "80"]
[EventDate "2011.??.??"]
[WhiteTeam "SC Weisse Dame e.V."]
[BlackTeam "SC Kitzingen von 1905"]

1. d4 d5 2. Nf3 Nf6 3. g3 g6 4. Bg2 Bg7 5. O-O O-O 6. c4 c6 7. b3 Ne4 8. Bb2
Bf5 9. Nh4 dxc4 10. Nxf5 gxf5 11. Bxe4 fxe4 12. bxc4 c5 13. Nc3 Bxd4 14. e3
Bxc3 15. Qg4+ Kh8 16. Bxc3+ f6 17. Qxe4 Qc7 18. Rfd1 Nc6 19. Rd5 b6 20. Rad1
Rad8 21. Qf5 Qc8 22. Qe4 Qc7 23. Qe6 Rxd5 24. Rxd5 Qc8 25. Rd7 Kg7 26. f4 Rf7
27. g4 Kf8 28. Qf5 Ke8 29. Rd2 Qxf5 30. gxf5 Rg7+ 31. Kf2 Nd8 32. a4 Nb7 33.
Ra2 Nd6 34. a5 Ne4+ 35. Kf3 Nxc3 36. Rc2 Nd1 37. Rd2 Rg1 38. Ke2 Nb2 39. Kf2
Nxc4 40. Rc2 Rg2+ 0-1

[Event "10. Lichtenberger Sommer"]
[Site "Berlin"]
[Date "2011.08.13"]
[Round "1.26"]
[White "Lehmann, Patricia"]
[Black "Simon, Ralf-Axel"]
[Result "1-0"]
[WhiteElo "1601"]
[BlackElo "2200"]
[PlyCount "133"]
[EventDate "2011.??.??"]
[WhiteTeam "SG 1871 Löberitz"]
[BlackTeam "TSG Neuruppin"]

1. d4 d5 2. c4 e6 3. Nc3 c6 4. cxd5 exd5 5. Nf3 Nf6 6. Bg5 h6 7. Bh4 Bf5 8. e3
Nbd7 9. Ne5 Be7 10. Bd3 Bxd3 11. Nxd3 O-O 12. O-O Ne8 13. Bg3 Bd6 14. Qf3 Qe7
15. Rfe1 Bxg3 16. hxg3 Nd6 17. e4 dxe4 18. Nxe4 Rae8 19. Nec5 Qd8 20. d5 Nxc5
21. Nxc5 b6 22. Nd3 Rxe1+ 23. Rxe1 c5 24. Nf4 Re8 25. Re2 Qd7 26. Nh5 Rxe2 27.
Qxe2 Qf5 28. Nf4 Kf8 29. Kh2 Ne4 30. Qc2 Qe5 31. Qe2 Qd4 32. Qg4 g6 33. Qc8+
Kg7 34. Qd7 Qxf2 35. Ne6+ Kf6 36. Qd8+ Ke5 37. Qc7+ Kxd5 38. Nf4+ Kc4 39. b3+
Kc3 40. Qe5+ Qd4 41. Ne2+ Kd3 42. Nxd4 cxd4 43. Qf4 f5 44. g4 Kc3 45. Qc1+ Kd3
46. gxf5 gxf5 47. Kg1 h5 48. Kf1 h4 49. Ke1 b5 50. a4 b4 51. Qc4+ Ke3 52. Qe2+
Kf4 53. Qf1+ Kg5 54. Qd3 a5 55. Qxd4 Kf4 56. Qd5 h3 57. gxh3 Ng5 58. Qxa5 Nxh3
59. Qxb4+ Kg3 60. a5 f4 61. a6 f3 62. Qd2 f2+ 63. Qxf2+ Nxf2 64. a7 Nd3+ 65.
Kd2 Nc5 66. a8=Q Nxb3+ 67. Ke3 1-0

[Event "10. Lichtenberger Sommer"]
[Site "Berlin"]
[Date "2011.08.13"]
[Round "1.27"]
[White "Hein, Carsten"]
[Black "George, Tom"]
[Result "1/2-1/2"]
[WhiteElo "2182"]
[BlackElo "1839"]
[PlyCount "120"]
[EventDate "2011.??.??"]
[WhiteTeam "Potsdamer SV Mitte e.V."]
[BlackTeam "SG Blau-Weiß Stadtilm"]

1. d4 Nf6 2. c4 e5 3. dxe5 Ng4 4. Nf3 Nc6 5. a3 Ngxe5 6. e3 d6 7. Be2 Be6 8.
Nbd2 g6 9. Nd4 Bg7 10. Nxe6 fxe6 11. O-O Qe7 12. Rb1 a5 13. Qc2 O-O 14. b4 axb4
15. axb4 Nd7 16. b5 Nce5 17. f4 Nf7 18. Nb3 Ra7 19. Bf3 Rfa8 20. Qd3 Nd8 21. e4
Ra2 22. Rd1 Rb8 23. e5 Nf7 24. Be3 Ra3 25. Qd2 Nf8 26. Qc2 b6 27. exd6 Nxd6 28.
Qe2 Nf5 29. Bf2 Rd8 30. c5 Rxd1+ 31. Qxd1 Qd7 32. cxb6 cxb6 33. Bxb6 Qxb5 34.
Bf2 Qa4 35. Nc5 Qxd1+ 36. Rxd1 Ra1 37. g4 Nd4 38. Kg2 Nxf3 39. Rxa1 Bxa1 40.
Kxf3 Kf7 41. Ke4 Ke7 42. Nb3 Bg7 43. Bc5+ Kf7 44. Bd4 Bxd4 45. Nxd4 Nd7 46. Nc6
Nf6+ 47. Kf3 Nd7 48. h4 Kf6 49. g5+ Kf7 50. Ke4 Nc5+ 51. Kd4 Nd7 52. Ne5+ Ke7
53. Ng4 Kf7 54. Ne3 Ke7 55. Nf1 Kd6 56. Ng3 Ke7 57. h5 gxh5 58. Nxh5 Kf7 59.
Ng3 Kg6 60. Ke4 h6 1/2-1/2

[Event "10. Lichtenberger Sommer"]
[Site "Berlin"]
[Date "2011.08.13"]
[Round "1.28"]
[White "Ritter, Uwe"]
[Black "Rohde, Wolfgang"]
[Result "1/2-1/2"]
[WhiteElo "1733"]
[BlackElo "2176"]
[PlyCount "69"]
[EventDate "2011.??.??"]
[WhiteTeam "Reideburger SV 90 Halle"]
[BlackTeam "SC Friesen Lichtenberg e.V."]

1. f4 e5 2. fxe5 d6 3. exd6 Nc6 4. d7+ Bxd7 5. Nf3 Bg4 6. c3 Bd6 7. g3 Qd7 8.
d4 Nf6 9. Bg2 O-O-O 10. Nbd2 Rhe8 11. Nc4 Qe6 12. Nxd6+ Rxd6 13. Bf4 Rd7 14. h3
Bh5 15. g4 Nd5 16. Ng5 Qf6 17. Bd2 Ne3 18. Bxe3 Rxe3 19. Ne4 Rxe4 20. Bxe4 Bg6
21. Bxg6 hxg6 22. Qd3 Qh4+ 23. Kd2 Ne5 24. Qb5 f6 25. Kc2 a6 26. Qc5 Qf2 27.
Rae1 Nf3 28. Kd1 Nxd4 29. cxd4 Rxd4+ 30. Qxd4 Qxd4+ 31. Kc1 b5 32. e4 Qd3 33.
e5 fxe5 34. Rxe5 Qf3 35. Rhe1 1/2-1/2

[Event "10. Lichtenberger Sommer"]
[Site "Berlin"]
[Date "2011.08.13"]
[Round "1.29"]
[White "Stark, Ingo"]
[Black "Schilly, Hans-Joachim"]
[Result "1-0"]
[WhiteElo "2166"]
[BlackElo "1835"]
[PlyCount "57"]
[EventDate "2011.??.??"]
[WhiteTeam "TSG Oberschöneweide e.V."]
[BlackTeam "SF Siemensstadt"]

1. e4 c6 2. Nc3 d5 3. Nf3 dxe4 4. Nxe4 Nd7 5. Qe2 Qc7 6. d4 Ngf6 7. g3 Nxe4 8.
Qxe4 Nf6 9. Qd3 e6 10. Bf4 Bd6 11. Be5 b6 12. O-O-O Bb7 13. Bg2 O-O-O 14. Qe3
Ng4 15. Qe2 c5 16. Bxg7 Rhg8 17. Be5 cxd4 18. Bxd4 e5 19. Bc3 f6 20. h3 Nh6 21.
Nh4 Bxg2 22. Nxg2 Nf5 23. Qf3 Ne7 24. Qxf6 Rgf8 25. Qe6+ Kb8 26. Rd2 Nc8 27.
Re1 Qb7 28. Bxe5 Qxg2 29. Rxd6 1-0

[Event "10. Lichtenberger Sommer"]
[Site "Berlin"]
[Date "2011.08.13"]
[Round "1.32"]
[White "Casny, Guenter"]
[Black "Heuser, Philip"]
[Result "0-1"]
[WhiteElo "1865"]
[BlackElo "2146"]
[PlyCount "100"]
[EventDate "2011.??.??"]
[WhiteTeam "SC Rochade e.V."]
[BlackTeam "SG Heidelberg-Kirchheim"]

1. Nf3 Nf6 2. g3 b6 3. Bg2 Bb7 4. O-O e6 5. b3 Be7 6. Bb2 O-O 7. d3 c5 8. e4 d6
9. Nbd2 Nbd7 10. Re1 Qc7 11. Nf1 Rac8 12. Rc1 Rfd8 13. Qd2 b5 14. Ne3 c4 15.
bxc4 bxc4 16. Bc3 Nb6 17. Ba5 Qc5 18. Bxb6 axb6 19. Nxc4 Nxe4 20. Qe3 d5 21.
Nxb6 d4 22. Nxd4 Qxb6 23. Bxe4 Bxe4 24. Nxe6 Qxe6 25. Qxe4 Qxe4 26. Rxe4 Ba3
27. Rce1 Rxc2 28. Re8+ Rxe8 29. Rxe8+ Bf8 30. a4 f6 31. d4 Kf7 32. Ra8 Rd2 33.
a5 Rxd4 34. Ra7+ Kg6 35. Rc7 Ra4 36. Rc8 Bb4 37. Rc4 Ra1+ 38. Kg2 Bxa5 39. f4
Ra2+ 40. Kh3 Bb6 41. g4 Bg1 42. Rc7 Rxh2+ 43. Kg3 Ra2 44. f5+ Kh6 45. Rc1 Bh2+
46. Kf3 Be5 47. Rh1+ Rh2 48. Rc1 Kg5 49. Rc7 g6 50. fxg6 hxg6 0-1